Escritos
I tiakina i:
| Kaituhi matua: | |
|---|---|
| Hōputu: | Pukapuka |
| Reo: | Pāniora |
| I whakaputaina: |
Madrid
La Fabrica
2005
|
| Rangatū: | Biblioteca BlowUp Arte
|
| Ngā marau: | |
| Ngā Tūtohu: |
Tāpirihia he Tūtohu
Kāore He Tūtohu, Me noho koe te mea tuatahi ki te tūtohu i tēnei pūkete!
|
MARC
| LEADER | 00000nam a2200000 a 4500 | ||
|---|---|---|---|
| 001 | UCH4425 | ||
| 003 | CL-VaPUC | ||
| 008 | 090820e20050000SP |||||||||||||||||spa|d | ||
| 020 | |a 8496466035 | ||
| 082 | 0 | 4 | |a 861 |b CHI |2 21 |
| 100 | 0 | |a Chillida, Eduardo |e author |9 451528 | |
| 245 | 1 | 0 | |a Escritos |
| 300 | |a 119 p | ||
| 942 | |c BK | ||
| 945 | |d 20090820 00:00:00 |a rbrito | ||
| 260 | |a Madrid |b La Fabrica |c 2005 | ||
| 650 | 0 | |a Poesías españolas |9 265100 | |
| 583 | |a last modification |c 20090820 00:00:00 |k Rodrigo Vera | ||
| 490 | 0 | |a Biblioteca BlowUp Arte | |
| 999 | |c 335749 |d 335747 | ||
| 952 | |0 0 |1 0 |4 0 |6 861_000000000000000_CHI_2005 |7 0 |8 R |9 426404 |a BIBART |b BIBART |d 2019-11-22 |i 4588541 |o 861 CHI 2005 |p 4588541 |r 2025-03-13 |w 2019-11-22 |y BK_R |k ART | ||